000
00268nam a2200109Ia 4500
008
220204s9999 xx 000 0 und d
082
_a
001:65
_b
HAR
100
_a
Harjinder Singh
245
0
_a
Managerial aptitude tests
260
_a
New Delhi
_b
Varma
_c
1977
942
_c
BK
999
_c
29471
_d
29471